Statistics for NHL Teams with 5 Letters Or Fewer

Click here to take the quiz!

General Stats

  • This quiz has been taken 48 times
  • The average score is 4 of 5

Answer Stats

Answer% Correct
Jets
84%
Kings
80%
Ducks
78%
Stars
69%
Blues
62%

Score Distribution

Percentile by Number Answered

Percent of People with Each Score

Your Score History

You have not taken this quiz